000 00258nam a22001217a 4500
008 170216b xxu||||| |||| 00| 0 eng d
041 _aeng
080 _a615
100 _a5
101 _ashf
245 _athe pharmacological basic
_cgilman
942 _2udc
_cBK
999 _c5693
_d5693